<?xml version="1.0" encoding="UTF-8"?>
<record
    xmlns:xsi="http://www.w3.org/2001/XMLSchema-instance"
    xsi:schemaLocation="http://www.loc.gov/MARC21/slim http://www.loc.gov/standards/marcxml/schema/MARC21slim.xsd"
    xmlns="http://www.loc.gov/MARC21/slim">

  <leader>00587nam a22001217a 4500</leader>
  <datafield tag="040" ind1=" " ind2=" ">
    <subfield code="c">RUA</subfield>
  </datafield>
  <datafield tag="100" ind1=" " ind2=" ">
    <subfield code="a">CHOY THENG,&#x1785;&#x1799;&#x200B; &#x1790;&#x17C1;&#x1784;</subfield>
  </datafield>
  <datafield tag="245" ind1=" " ind2=" ">
    <subfield code="a">EFFICENCY OF SOLAR PUMP ON SMALL SCALE LARGE-PETION MUSTARD FARMING,&#x1794;&#x17D2;&#x179A;&#x179F;&#x17B7;&#x1791;&#x17D2;&#x1792;&#x1797;&#x17B6;&#x1796;&#x179F;&#x17D2;&#x1793;&#x1794;&#x17CB;&#x1794;&#x17BC;&#x1798; SOLAR PUMP &#x1780;&#x17D2;&#x1793;&#x17BB;&#x1784;&#x1795;&#x179B;&#x17B7;&#x178F;&#x1780;&#x1798;&#x17D2;&#x1798;&#x178A;&#x17C6;&#x178E;&#x17B6;&#x17C6;&#x179F;&#x17D2;&#x1796;&#x17C3;&#x1781;&#x17C0;&#x179C;&#x179B;&#x1780;&#x17D2;&#x1781;&#x178E;&#x17C8;&#x1782;&#x17D2;&#x179A;&#x17BD;&#x179F;&#x17B6;&#x179A;</subfield>
  </datafield>
  <datafield tag="260" ind1=" " ind2=" ">
    <subfield code="a">PHNOM PENH </subfield>
    <subfield code="b">RUA</subfield>
    <subfield code="c">2019</subfield>
  </datafield>
  <datafield tag="300" ind1=" " ind2=" ">
    <subfield code="a">viii,50p,</subfield>
    <subfield code="b">ill,</subfield>
    <subfield code="c">29cm,</subfield>
  </datafield>
  <datafield tag="856" ind1=" " ind2=" ">
    <subfield code="u">https://drive.google.com/file/d/1OX2hJrAefEIJ5AEe1OT8Udd8knZZWR50/view?usp=sharing</subfield>
  </datafield>
  <datafield tag="942" ind1=" " ind2=" ">
    <subfield code="c">AGE</subfield>
  </datafield>
  <datafield tag="999" ind1=" " ind2=" ">
    <subfield code="c">19863</subfield>
    <subfield code="d">19863</subfield>
  </datafield>
  <datafield tag="952" ind1=" " ind2=" ">
    <subfield code="0">0</subfield>
    <subfield code="1">0</subfield>
    <subfield code="2">ddc</subfield>
    <subfield code="4">0</subfield>
    <subfield code="6">AGE_CHO_2019_000000000000000_B660_OR</subfield>
    <subfield code="7">0</subfield>
    <subfield code="9">89049</subfield>
    <subfield code="a">LBB</subfield>
    <subfield code="b">LBB</subfield>
    <subfield code="c">B660</subfield>
    <subfield code="d">2022-01-04</subfield>
    <subfield code="o">AGE CHO 2019 B660 Or.</subfield>
    <subfield code="p">A068024</subfield>
    <subfield code="r">2022-01-04</subfield>
    <subfield code="w">2022-01-04</subfield>
    <subfield code="y">AGE</subfield>
  </datafield>
  <datafield tag="952" ind1=" " ind2=" ">
    <subfield code="0">0</subfield>
    <subfield code="1">0</subfield>
    <subfield code="2">ddc</subfield>
    <subfield code="4">0</subfield>
    <subfield code="6">AGE_CHO_2019_000000000000000_B660_OR</subfield>
    <subfield code="7">0</subfield>
    <subfield code="9">89050</subfield>
    <subfield code="a">LBB</subfield>
    <subfield code="b">LBB</subfield>
    <subfield code="c">B660</subfield>
    <subfield code="d">2022-01-04</subfield>
    <subfield code="o">AGE CHO 2019 B660 Or.</subfield>
    <subfield code="p">A068020</subfield>
    <subfield code="r">2022-01-04</subfield>
    <subfield code="w">2022-01-04</subfield>
    <subfield code="y">AGE</subfield>
  </datafield>
  <datafield tag="952" ind1=" " ind2=" ">
    <subfield code="0">0</subfield>
    <subfield code="1">0</subfield>
    <subfield code="2">ddc</subfield>
    <subfield code="4">0</subfield>
    <subfield code="6">AGE_CHO_2019_000000000000000_B660_OR</subfield>
    <subfield code="7">0</subfield>
    <subfield code="9">89051</subfield>
    <subfield code="a">LBB</subfield>
    <subfield code="b">LBB</subfield>
    <subfield code="c">B660</subfield>
    <subfield code="d">2022-01-04</subfield>
    <subfield code="o">AGE CHO 2019 B660 Or.</subfield>
    <subfield code="p">A068032</subfield>
    <subfield code="r">2022-01-04</subfield>
    <subfield code="w">2022-01-04</subfield>
    <subfield code="y">AGE</subfield>
  </datafield>
  <datafield tag="952" ind1=" " ind2=" ">
    <subfield code="0">0</subfield>
    <subfield code="1">0</subfield>
    <subfield code="2">ddc</subfield>
    <subfield code="4">0</subfield>
    <subfield code="6">AGE_CHO_2019_000000000000000_B660_OR</subfield>
    <subfield code="7">0</subfield>
    <subfield code="9">89052</subfield>
    <subfield code="a">LBB</subfield>
    <subfield code="b">LBB</subfield>
    <subfield code="c">B660</subfield>
    <subfield code="d">2022-01-04</subfield>
    <subfield code="o">AGE CHO 2019 B660 Or.</subfield>
    <subfield code="p">A068036</subfield>
    <subfield code="r">2022-01-04</subfield>
    <subfield code="w">2022-01-04</subfield>
    <subfield code="y">AGE</subfield>
  </datafield>
  <datafield tag="952" ind1=" " ind2=" ">
    <subfield code="0">0</subfield>
    <subfield code="1">0</subfield>
    <subfield code="2">ddc</subfield>
    <subfield code="4">0</subfield>
    <subfield code="6">AGE_CHO_2019_000000000000000_B660_OR</subfield>
    <subfield code="7">0</subfield>
    <subfield code="9">89053</subfield>
    <subfield code="a">LBB</subfield>
    <subfield code="b">LBB</subfield>
    <subfield code="c">B660</subfield>
    <subfield code="d">2022-01-04</subfield>
    <subfield code="o">AGE CHO 2019 B660 Or.</subfield>
    <subfield code="p">A068040</subfield>
    <subfield code="r">2022-01-04</subfield>
    <subfield code="w">2022-01-04</subfield>
    <subfield code="y">AGE</subfield>
  </datafield>
  <datafield tag="952" ind1=" " ind2=" ">
    <subfield code="0">0</subfield>
    <subfield code="1">0</subfield>
    <subfield code="2">ddc</subfield>
    <subfield code="4">0</subfield>
    <subfield code="6">AGE_CHO_2019_000000000000000_B660_OR</subfield>
    <subfield code="7">0</subfield>
    <subfield code="9">89054</subfield>
    <subfield code="a">LBB</subfield>
    <subfield code="b">LBB</subfield>
    <subfield code="c">B660</subfield>
    <subfield code="d">2022-01-04</subfield>
    <subfield code="o">AGE CHO 2019 B660 Or.</subfield>
    <subfield code="p">A067750</subfield>
    <subfield code="r">2022-01-04</subfield>
    <subfield code="w">2022-01-04</subfield>
    <subfield code="y">AGE</subfield>
  </datafield>
</record>
